Prvý dotyk so slobodou - návrat k Novembru ´89

Bibliographic Details
Main Author: Bodnár, Dušan (Author)
Format: Article
Language:Slovak
PhysicalDescription:Fotografie
ISSN:1339-7605
Subjects:
Online Access:https://kosicednes.sk/kultura/prvy-dotyk-so-slobodou-navrat-k-novembru-89/

MARC

LEADER 00000nab a2200000u 4500
001 vtls011900701
003 SK-MaSNL
005 20260309143531.0
008 191115|20191114xo ||||||| ||00 ||slo|
038 |a KEVKJB 
040 |a KEVKJB  |b slo  |e rda 
041 0 |a slo 
043 |a e-xo--- 
044 |a xo  |c SK 
072 7 |a 93/94  |x Dejiny (všeobecne)  |2 konspekt 
080 |a 94(437)"1989"  |2 2011 
100 1 |a Bodnár, Dušan  |4 aut  |9 1087804 
245 1 0 |a Prvý dotyk so slobodou - návrat k Novembru ´89  |c Dušan Bodnár ; foto: Veronika Janušková 
300 |b Fotografie 
336 |a text  |b txt  |2 rdacontent 
337 |a bez média  |b n  |2 rdamedia 
338 |a zväzok  |b nc  |2 rdacarrier7 
610 2 7 |a Verejná knižnica Jána Bocatia v Košiciach  |2 SNKKAbucl  |9 29554 
611 2 7 |a Prvý dotyk so slobodou  |d (2019 :  |c Košice, Slovensko)  |2 kevkjb  |9 1591617 
650 0 7 |a výstavy  |2 SNKPH  |9 2780 
650 0 7 |a Nežná revolúcia (1989 : Československo)  |2 SNKPH  |9 176560 
651 7 |a Košice (Slovensko)  |2 SNKPHgeo  |9 18694 
773 0 |t KOŠICE:DNES  |g Roč. 6, č. 221 (14.11.2019), s. 12-13  |x 1339-7605 
852 |a KEVKJB  |b KIS3GCP 
856 4 1 |u https://kosicednes.sk/kultura/prvy-dotyk-so-slobodou-navrat-k-novembru-89/ 
999 |c 3364355  |d 3366285